Science Quiz

Random Science or Numbers Quiz

Drop a 1, Make a Prime Quiz Stats

 Plays Quiz Updated Mar 11, 2015

Challenge
Share
Tweet
Embed
Score 0/20 Timer 03:00
1 Play Today
% Correct
111
92%
119
91.1%
51
90.3%
12
88.3%
311
82.8%
213
80.9%
141
80.2%
371
80.2%
291
79.2%
173
78.3%
% Correct
167
77.9%
471
76.2%
513
75.6%
611
74.7%
711
74%
591
73.3%
719
59.9%
831
55.7%
819
50.3%
917
48.5%

You're not logged in!

Compare scores with friends on all Sporcle quizzes.
Join for Free
OR
Log In

You Might Also Like...

Show Comments

Extras

Top Quizzes Today


Score Distribution

Your Account Isn't Verified!

In order to create a playlist on Sporcle, you need to verify the email address you used during registration. Go to your Sporcle Settings to finish the process.

Report this User

Report this user for behavior that violates our Community Guidelines.

Details: